Statistics for Top 100 Baby Boy Names in 2019 - Puerto Rico

Click here to take the quiz!

General Stats

  • This quiz has been taken 233 times
  • The average score is 32 of 100

Answer Stats

RankHintAnswer% Correct
18JJose
82%
46JJuan
80%
35DDaniel
73%
59DDavid
70%
26CCarlos
66%
98LLouis
63%
12LLuis
63%
72JJohn
61%
1SSebastian
61%
7LLucas
57%
81MMiguel
56%
69SSamuel
56%
29AAlejandro
54%
14DDiego
52%
3IIan
51%
30GGabriel
49%
2LLiam
49%
5MMateo
49%
22MMatteo
49%
61MMichael
49%
99MMikael
49%
89PPablo
49%
54JJorge
48%
43AAlexander
47%
56AAndres
47%
91KKevin
47%
53JJavier
46%
42LLeonardo
46%
78RRicardo
43%
11AAngel
42%
76JJoseph
42%
19NNicolas
42%
8AAdrian
41%
9NNoah
41%
67JJesus
40%
25IIsaac
39%
90IIvan
39%
4DDylan
38%
33JJulian
38%
70SSantiago
37%
31EEithan
36%
17EEthan
36%
20JJacob
35%
66JJaycob
35%
58MMarcos
35%
23MMatthew
35%
51CChristian
34%
32EElias
33%
40NNathan
33%
44EEvan
32%
83AAnthony
31%
24AAaron
29%
36DDamian
28%
85HHector
28%
34AAlan
26%
82EEmmanuel
26%
88MMathias
24%
10MMatias
24%
27RRyan
24%
57EEsteban
23%
16JJayden
23%
49JJeyden
23%
93OOwen
23%
94RRafael
23%
6TThiago
23%
28CCaleb
22%
37KKaleb
22%
41AAiden
21%
65EEiden
21%
75EEdwin
20%
100AAbraham
19%
96AAlexis
19%
15FFabian
19%
97DDerek
18%
50KKayden
17%
38KKeyden
17%
21GGael
15%
60JJeremy
15%
68RRodrigo
15%
13EElian
13%
84DDante
11%
77IIker
11%
79DDario
10%
39IIsaias
10%
47MMauro
10%
80EEzequiel
8%
48GGian
8%
62GGustavo
8%
86JJeremias
8%
87KKendrick
8%
55AAdriel
7%
71JJared
7%
95AAbdiel
6%
64DDariel
5%
92LLeandro
4%
73MMilan
3%
74YYahir
3%
45ZZaid
3%
52EEliam
2%
63KKendriel
2%

Score Distribution

Percentile by Number Answered

Percent of People with Each Score

Your Score History

You have not taken this quiz